000 00608nam a2200229Ia 4500
003 OSt
005 20220928104157.0
006 a|||||r|||| 00| 0
007 ta
008 220927b |||||||| |||| 00| 0 eng d
024 _a59389
037 _cTextual
040 _aSDCL
_cSDCL
_beng
041 _2eng
_aeng
082 _aR635x3,1, M9
100 _aVigyan - Bhiksu
_9395163
245 0 _aYoga - sara - samgragha .
260 _aVaranasi
_bBharatiya Vidya Prakashan
_c1989
300 _a270p.
_ccm.
942 _hR635x3,1, M9
_cTEXL
_2CC
999 _c725019
_d725019